Datum a čas kvízu
32.5
Celkem bodů
Celkový počet nahraných bodů na tomto kvízu bez doplňovacích otázek.
10.
Pořadí na kvízu
Konečné umístění týmu na tomto kvízu.
Zaznamenané odpovědi
| # | Otázka | Odpověď | Body | Výsledky |
|---|---|---|---|---|
| 2. | Donald Trump oznámil, že chce... | vítězný oblouk | 1 | |
| 3. | Středeční přehlídka spodního p... | A) v devátém měsíci těhotenství | 0 | |
| 4. | Kim Kardashian minulý týden př... | Jsou chlupaté. | 1 | |
| 5. | Fotbalisté z malého afrického... | Kapverdy | 1 | |
| 1. | Minulý čtvrtek byl na několik... | Metrouš | 0 | |
| 6. | Napište jméno pouště na obrázk... | Namib (Namibská poušť) | 1 | |
| 7. | Uveďte, kterým čtyřpísmenným p... | vádí | 0 | |
| 8. | Vyberte, se kterým živočichem... | B | 0 | |
| 9. | Pokud bylo cílovým místem slav... | růžová (Růžové jezero) | 0 | |
| 10. | Britský umělec Gordon Sumner s... | Sting | 1 |